000 00786pam a2200265 a 4500
001 4786850
003 ARRUPE
005 20160223094922.0
008 870824s1987 mau b 001 0 eng
010 _a 87022922
020 _a0674198247 (pbk. : alk. paper)
020 _a0674198239 (hard : alk. paper)
040 _aDLC
_cDLC
_dDLC
050 0 0 _aB2430.D484
_bN66 1987
082 0 0 _a194
_219
100 1 _aNorris, Christopher,
_d1947-
_919394
245 1 0 _aDerrida /
_cChristopher Norris.
260 _aCambridge
_bHarvard University Press,
_c1987.
300 _a271 p. ;
_c21 cm.
500 _aIncludes index.
504 _aBibliography: p. 257-263.
600 1 0 _aDerrida, Jacques.
_922385
906 _a7
_bcbc
_corignew
_d1
_eocip
_f19
_gy-gencatlg
942 _2lcc
_cMONOGRAPH
999 _c124203
_d124203